00819nac a22002291u 4500010001400000020002500014022002200039082001500061090001500076100003400091245007200125260006600197300003300263500002100296500002700317504005100344511002800395650002900423942001800452999001500470952010400485 a013715774 a9780750668989 (pbk.) a0750668989 (pbk.) a658.8bPAL c8391d8391 aPalmer, Roger (Roger A  aManaging marketing /cRoger Palmer, Juanita Cockton, Graham Cooper. aAmsterdam ; London :bButterworth-Heinemann, C.2007.cC.2007. axi, 380 p. :bill. ;c25 cm. aFormerly CIP. Uk aDistributer: Al-Ahram. aIncludes bibliographical references and index. aCatalogued By: Mahitab. aMarketing -- Management. cBBk658.8 PAL c8391d8391 00104070aMAINbMAINc1STd2008-03-05ePurchasel0o658.8 PALp000010185r2025-07-15 00:00:00yBB